<?xml version="1.0" encoding="UTF-8"?>
<record
    xmlns:xsi="http://www.w3.org/2001/XMLSchema-instance"
    xsi:schemaLocation="http://www.loc.gov/MARC21/slim http://www.loc.gov/standards/marcxml/schema/MARC21slim.xsd"
    xmlns="http://www.loc.gov/MARC21/slim">

  <leader>02754nam a22002177a 4500</leader>
  <datafield tag="999" ind1=" " ind2=" ">
    <subfield code="c">209</subfield>
    <subfield code="d">209</subfield>
  </datafield>
  <controlfield tag="003">OSt</controlfield>
  <controlfield tag="005">20200425185047.0</controlfield>
  <controlfield tag="008">160218b        xxu||||| |||| 00| 0 esp d</controlfield>
  <datafield tag="020" ind1=" " ind2=" ">
    <subfield code="a">978-9945-8648-8-5</subfield>
  </datafield>
  <datafield tag="040" ind1=" " ind2=" ">
    <subfield code="c">RCAA</subfield>
    <subfield code="a">DO-SdBJH</subfield>
    <subfield code="b">spa</subfield>
  </datafield>
  <datafield tag="082" ind1=" " ind2=" ">
    <subfield code="a">RD 342 P912d 2013</subfield>
  </datafield>
  <datafield tag="100" ind1=" " ind2=" ">
    <subfield code="a">Jorge Prats, Eduardo</subfield>
  </datafield>
  <datafield tag="245" ind1=" " ind2=" ">
    <subfield code="a">Derecho constitucional /</subfield>
    <subfield code="c">Eduardo Jorge Prats</subfield>
  </datafield>
  <datafield tag="250" ind1=" " ind2=" ">
    <subfield code="a">4ta. edici&#xF3;n</subfield>
  </datafield>
  <datafield tag="260" ind1=" " ind2=" ">
    <subfield code="a">Santo Domingo : </subfield>
    <subfield code="b">IUS NOVUM, </subfield>
    <subfield code="c">2013</subfield>
  </datafield>
  <datafield tag="300" ind1=" " ind2=" ">
    <subfield code="a">724 p&#xE1;ginas</subfield>
  </datafield>
  <datafield tag="504" ind1=" " ind2=" ">
    <subfield code="a">Incluye referencias bibliogr&#xE1;fica e indice 
</subfield>
  </datafield>
  <datafield tag="505" ind1=" " ind2=" ">
    <subfield code="a">CONSTITUCIONALISMO, CONSTITUCI&#xD3;N Y DERECHO CONSTITUCIONAL -- El constitucionalismo 35 -- La constituci&#xF3;n 54 -- El derecho constitucional 75 -- Constitucionalismo, constituci&#xF3;n y derecho constitucional en la Rep&#xFA;blica Dominicana 82 -- PODER CONSTITUYENTE Y REFORMA CONSTITUCIONAL 121 -- El poder constituyente 121 -- La reforme constitucional 143 -- LA CONSTUTICI&#xD3;N COMO NORMA 177 -- Los usos del t&#xE9;rmino constituci&#xF3;n 178 -- La constituci&#xF3;n como norma 178 -- La estructura normativa de la constituci&#xF3;n 194 -- El car&#xE1;cter vinculante de las normas constitucionales 214 -- La textura abierta de la constituci&#xF3;n 217 -- El corpus constitucional 222 -- LAS FUENTES DEL DERECHO 237 -- Las fuentes del derecho 237 -- Validez, eficacia y vigencia de las normas 257 -- El ordenamiento jur&#xED;dico 268 -- Las fuentes internacionales y supranacionales 286 -- La ley 312 -- El reglamento 343 -- La jurisprudencia 357 -- La costumbre 380 -- LA INTERPRETACI&#xD3;N CONSTITUCIONAL 389 -- La tradicional ausencia de la interpretaci&#xF3;n en el derecho constitucional 389 -- La discusi&#xF3;n contempor&#xE1;nea en torno a la interpretaci&#xF3;n constitucional 391 -- Conceptos b&#xE1;sicos de la interpretaci&#xF3;n, aplicaci&#xF3;n y concretizaci&#xF3;n constitucional 394 -- Dimensiones de la interpretaci&#xF3;n constitucional 400 -- Los m&#xE9;todos de interpretaci&#xF3;n 402 -- El catalogo de principios de interpretaci&#xF3;n constitucional 416 -- Interpretaci&#xF3;n constitucional y teor&#xED;a de la argumentaci&#xF3;n 425 -- L&#xED;mites de la interpretaci&#xF3;n constitucional 426 -- La ponderaci&#xF3;n de bienes 427 -- LA JUSTICIA CONSTITUCIONAL 441 -- La justicia constitucional como forma de control del poder 441 -- El sistema dominicano de justicia constitucional 480 -- Las sentencias constitucionales 557 -- LA DIGNIDAD HUMANA COMO FUNDAMENTO DEL ESTADO Y DE LA CONSTITUCI&#xD3;N 593 -- La dignidad humana en la constituci&#xF3;n 593 -- El respeto y la protecci&#xF3;n de la dignidad humana 602 -- LOS PRINCIPIOS FUNDAMENTALES DEL ESTADO 609 -- El encuadernamiento constitucional del estado 609 -- Los elementos constitutivos del estado 611 -- Los principios fundamentales del estado 633</subfield>
  </datafield>
  <datafield tag="650" ind1=" " ind2="7">
    <subfield code="a">Derecho constitucional -- Rep&#xFA;blica Dominicana</subfield>
    <subfield code="2">Sears </subfield>
  </datafield>
  <datafield tag="942" ind1=" " ind2=" ">
    <subfield code="2">ddc</subfield>
    <subfield code="c">BK</subfield>
    <subfield code="z">3</subfield>
  </datafield>
  <datafield tag="952" ind1=" " ind2=" ">
    <subfield code="0">0</subfield>
    <subfield code="1">0</subfield>
    <subfield code="2">ddc</subfield>
    <subfield code="4">0</subfield>
    <subfield code="7">0</subfield>
    <subfield code="8">RD</subfield>
    <subfield code="a">BJHA</subfield>
    <subfield code="b">BJHA</subfield>
    <subfield code="c">GEN</subfield>
    <subfield code="d">2016-02-18</subfield>
    <subfield code="h">Vol.1</subfield>
    <subfield code="i">16-00024</subfield>
    <subfield code="l">0</subfield>
    <subfield code="o">RD 342 P912d 2013</subfield>
    <subfield code="p">16-00024</subfield>
    <subfield code="r">2018-10-06 00:00:00</subfield>
    <subfield code="t">e.1</subfield>
    <subfield code="y">BK</subfield>
  </datafield>
  <datafield tag="952" ind1=" " ind2=" ">
    <subfield code="0">0</subfield>
    <subfield code="1">0</subfield>
    <subfield code="2">ddc</subfield>
    <subfield code="4">0</subfield>
    <subfield code="7">0</subfield>
    <subfield code="8">CG</subfield>
    <subfield code="a">BGBPFFM</subfield>
    <subfield code="b">BGBPFFM</subfield>
    <subfield code="c">GEN</subfield>
    <subfield code="d">2024-09-04</subfield>
    <subfield code="i">24-AFARD-2718</subfield>
    <subfield code="l">0</subfield>
    <subfield code="o">RD AFA 342.02 R426cd 2015</subfield>
    <subfield code="p">24-AFARD-2718</subfield>
    <subfield code="r">2024-09-04 18:29:02</subfield>
    <subfield code="t">e.1</subfield>
    <subfield code="w">2024-09-04</subfield>
    <subfield code="y">BK</subfield>
  </datafield>
  <datafield tag="952" ind1=" " ind2=" ">
    <subfield code="0">0</subfield>
    <subfield code="1">0</subfield>
    <subfield code="2">ddc</subfield>
    <subfield code="4">0</subfield>
    <subfield code="7">0</subfield>
    <subfield code="8">CG</subfield>
    <subfield code="a">BGBPFFM</subfield>
    <subfield code="b">BGBPFFM</subfield>
    <subfield code="c">GEN</subfield>
    <subfield code="d">2024-09-04</subfield>
    <subfield code="i">24-AFARD-2719</subfield>
    <subfield code="l">0</subfield>
    <subfield code="o">RD AFA 342.02 R426cd 2015</subfield>
    <subfield code="p">24-AFARD-2719</subfield>
    <subfield code="r">2024-09-04 18:29:02</subfield>
    <subfield code="t">e.2</subfield>
    <subfield code="w">2024-09-04</subfield>
    <subfield code="y">BK</subfield>
  </datafield>
</record>
